مظہر ادب / (Record no. 195730)

MARC details
000 -LEADER
fixed length control field 00752nam a22002057a 4500
005 - DATE AND TIME OF LATEST TRANSACTION
control field 20230419104612.0
010 ## - LCCN (DPL NO)
LC control number UR-11947
020 ## - INTERNATIONAL STANDARD BOOK NUMBER
International Standard Book Number 9789383239238
Terms of availability 250.00
035 ## - SYSTEM CONTROL NUMBER
System control number U-10502
037 ## - SOURCE OF ACQUISITION
Source of stock number/acquisition DBAD/PUB
082 ## - DEWEY DECIMAL CLASSIFICATION NUMBER
Classification number 840
245 ## - TITLE STATEMENT
Title مظہر ادب /
Statement of responsibility, etc ایڑٹر - قاضی حبیب احمد اور کے ۔ ایچ ۔ کلیم اللّہ
246 ## - VARYING FORM OF TITLE
Title proper/short title Mazhar-E-Adab /
Remainder of title ed. by Khazi Habeeb Ahmed [and] K.H. Kaleemullah
260 ## - PUBLICATION, DISTRIBUTION, ETC. (IMPRINT)
Place of publication, distribution, etc New Delhi
Name of publisher, distributor, etc Applied Books
Date of publication, distribution, etc 2015 ء
270 ## - ADDRESS
Address 1739/10, New Kohinoor Hotel, Pataudi House, Darya Ganj
City New Delhi
Postal code 110002
300 ## - PHYSICAL DESCRIPTION
Extent 394 ص
Dimensions 22cm(pbk)
700 ## - ADDED ENTRY--PERSONAL NAME
Personal name قاضی حبیب احمد
700 ## - ADDED ENTRY--PERSONAL NAME
Personal name کے ۔ ایچ ۔ کلیم اللّہ
942 ## - ADDED ENTRY ELEMENTS (KOHA)
Source of classification or shelving scheme Dewey Decimal Classification
Item type Urdu Bks
Classification part 840
Call number suffix م ظ ہ
Holdings
Withdrawn status Lost status Not for loan Collection code Home library Current library Date acquired Source of acquisition Cost, normal purchase price Full call number Barcode Copy number Cost, replacement price Koha item type
      Non-fiction Sarojini Nagar Sarojini Nagar 19/04/2023 DBAD/PUB 250.00 840 م ظ ہ U-10502 1 250.00 Urdu Bks

© Delhi Public Library
Hit Counter
free hit counter